Statistics for Simple past of irregular verbs

Click here to take the quiz!

General Stats

  • This quiz has been taken 341 times
  • The average score is 45 of 52

Answer Stats

Hint Answer % Correct
gowent
95%
bewas
95%
dodid
94%
becomebecame
94%
makemade
94%
havehad
94%
writewrote
93%
comecame
93%
givegave
93%
knowknew
92%
runran
92%
winwon
91%
swimswam
91%
singsang
91%
taketook
91%
seesaw
91%
saysaid
90%
meetmet
90%
putput
90%
beginbegan
90%
eatate
90%
speakspoke
90%
cutcut
89%
readread
89%
findfound
89%
fallfell
87%
sitsat
87%
buybought
87%
hithit
87%
letlet
87%
breakbroke
86%
keepkept
86%
loselost
86%
drawdrew
86%
leaveleft
85%
feelfelt
85%
thinkthought
84%
growgrew
84%
paypaid
83%
choosechose
83%
hearheard
83%
bringbrought
82%
telltold
82%
understandunderstood
81%
sendsent
80%
sellsold
80%
spendspent
79%
buildbuilt
79%
standstood
77%
meanmeant
77%
catchcaught
76%
teachtaught
74%

Score Distribution

Percentile by Number Answered

Percent of People with Each Score

Your Score History

You have not taken this quiz